Полимерный композиционный материал, содержащий в качестве упрочняющей фазы углеродные нанотрубки; Современные техника и технологии; Т. 2
| Parent link: | Современные техника и технологии: сборник трудов XVI Международной научно-практической конференции студентов, аспирантов и молодых ученых, Томск, 12-16 апреля 2010 г/ Национальный исследовательский Томский политехнический университет (ТПУ).— , 2010 Т. 2.— 2010.— [С. 175-177] |
|---|---|
| Hoofdauteur: | |
| Andere auteurs: | , , |
| Samenvatting: | Заглавие с титульного листа Электронная версия печатной публикации |
| Taal: | Russisch |
| Gepubliceerd in: |
2010
|
| Onderwerpen: | |
| Online toegang: | http://www.lib.tpu.ru/fulltext/c/2010/C01/V2/073.pdf |
| Formaat: | MixedMaterials Elektronisch Hoofdstuk |
| KOHA link: | https://koha.lib.tpu.ru/cgi-bin/koha/opac-detail.pl?biblionumber=232868 |
MARC
| LEADER | 00000nla2a2200000 4500 | ||
|---|---|---|---|
| 001 | 232868 | ||
| 005 | 20231031203443.0 | ||
| 035 | |a (RuTPU)RU\TPU\book\253925 | ||
| 035 | |a RU\TPU\book\253923 | ||
| 090 | |a 232868 | ||
| 100 | |a 20130220d2010 k y0rusy50 ca | ||
| 101 | 0 | |a rus | |
| 102 | |a RU | ||
| 105 | |a y z 101zy | ||
| 135 | |a drnn ---uucaa | ||
| 181 | 0 | |a i | |
| 182 | 0 | |a b | |
| 200 | 1 | |a Полимерный композиционный материал, содержащий в качестве упрочняющей фазы углеродные нанотрубки |b Электронный ресурс |f И. С. Лаптев, А. Ю. Огнев, А. М. Теплых |g науч. рук. А. А. Батаев | |
| 203 | |a Текст |c электронный | ||
| 215 | |a 1 файл (253 Кб) | ||
| 230 | |a Электронные текстовые данные (1 файл : 253 Кб) | ||
| 300 | |a Заглавие с титульного листа | ||
| 300 | |a Электронная версия печатной публикации | ||
| 337 | |a Adobe Reader | ||
| 461 | 0 | |0 (RuTPU)RU\TPU\book\245271 |t Современные техника и технологии |o сборник трудов XVI Международной научно-практической конференции студентов, аспирантов и молодых ученых, Томск, 12-16 апреля 2010 г |o в 3 т. |f Национальный исследовательский Томский политехнический университет (ТПУ) |d 2010 | |
| 463 | 0 | |0 (RuTPU)RU\TPU\book\250479 |t Т. 2 |v [С. 175-177] |d 2010 |p [426 с.] | |
| 610 | 1 | |a электронный ресурс | |
| 610 | 1 | |a композиционные материалы | |
| 610 | 1 | |a полимерные материалы | |
| 610 | 1 | |a упрочнение | |
| 610 | 1 | |a углеродные нанотрубки | |
| 610 | 1 | |a углерод | |
| 610 | 1 | |a новые материалы | |
| 610 | 1 | |a механические свойства | |
| 610 | 1 | |a трещины | |
| 610 | 1 | |a электронные микроскопы | |
| 700 | 1 | |a Лаптев |b И. С. | |
| 701 | 1 | |a Огнев |b А. Ю. | |
| 701 | 1 | |a Теплых |b А. М. | |
| 702 | 1 | |a Батаев |b А. А. |4 727 | |
| 801 | 1 | |a RU |b 63413507 |c 20130213 | |
| 801 | 2 | |a RU |b 63413507 |c 20130508 |g RCR | |
| 856 | 4 | |u http://www.lib.tpu.ru/fulltext/c/2010/C01/V2/073.pdf | |
| 942 | |c CF | ||